| 000 | 00475cam a2200157u 4500 | ||
|---|---|---|---|
| 082 |
_a621.8 _bTay _cD |
||
| 100 | 1 |
_aPull, Ernest. [from old catalog] _941977 |
|
| 245 | 1 | 0 |
_aWorkshop practice, _ba practical text book. |
| 250 | _arev. and enl. ed. | ||
| 260 |
_aLondon, _bTechnical Press, _c1947. |
||
| 300 |
_axvi, 758 p. _billus. _c19 cm. |
||
| 526 |
_a0 _b0 _c0 _d621_800000000000000_TAY |
||
| 650 | 0 |
_aMCE _9379 |
|
| 700 | 2 |
_aJohnstone-Taylor, Frank, _941978 |
|
| 942 |
_2ddc _cBK |
||
| 999 |
_c545988 _d545988 |
||